00688nam a2200241 a 4500001001300000003000900013005001700022008004100039020001000080082001700090100002200107245002200129260005000151300000900201500003500210505001000245650002600255700002200281902000800303942000700311952011300318999001500431nice12345678IN_TiNIC20260116011916.0050524s1964 bana grp 000 0 eng  ac3.800a232.955bHAR aHargreaves, Cecil aMiracles of Jesus aBangalorebChristian Literature Societyc1964 a236p aincludes index and biblioraphy2 aIndex aJesus Christ-Miracles1 aHargreaves, Cecil bSRS cBK 001040708StackRoom-aHMIbHMId2007-06-19g3.80l0o232.955 HARp08810r2007-06-19v3.80w2005-05-24yBK c4875d4875